000 00807 a2200205 4500
999 _c146021
_d146021
010 _a1718EN-30 B-687934-944 ENG-124499
020 _c399.00
_a9789351710431
035 _aB-687934-944 EN-108031
037 _bMallika
_adpl
037 _bDBAD/PUB.
082 _a954.56
245 _aEssays in medieval Delhi /
_cedited by Nirmal Kumar
260 _aNew Delhi
_bResearch India Press
_c2016
270 _aE-6/34, Sangam Vihar
_bNew Delhi
_e110062
300 _axxiv,391p.
_c21cm(pbk )
490 _aDebates in Indian History Series
700 _aNirmal Kumar
942 _adpl
_cEN
_2ddc
_mESS
_h954.56